000 00360nam a2200145Ia 4500
008 191201s2010 xx 000 0 und d
082 _a004.6
_bWAI
100 _aTOMASI, Wayne
245 0 _aIntroduction to Data Communications and Networking
250 _aIMP
260 _aN.Delhi
_bPearson
_c2010
300 _a985
650 _aB.Tech(IT)
942 _2ddc
_cBK
999 _c4200
_d4200